Southville International School and Colleges
Your cart is empty.
  • Cart
  • Lists
    Public lists Eva Luna New books Lux_list list_1
    Your lists Log in to create your own lists
  • Log in to your account
  • Your cookies
  • Search history
Southville International School and Colleges
  • Advanced search
  • Recent comments
  • Most popular
  • Libraries

Log in to your account

Log in with GOOGLE


If you do not have an external account, but do have a local account, you can still log in:

  1. Home
  2. MARC view: Understanding computers :
Normal view MARC view ISBD view

Understanding computers : (Record no. 20928)

[ view plain ]
MARC details
000 -LEADER
fixed length control field 00512nam a2200181 a 4500
005 - DATE AND TIME OF LATEST TRANSACTION
control field 20140310183259.0
008 - FIXED-LENGTH DATA ELEMENTS--GENERAL INFORMATION
fixed length control field 041123s19uu xx 00 eng d
050 ## - LIBRARY OF CONGRESS CALL NUMBER
Classification number QA 76.5
Item number .P699 2000
100 ## - MAIN ENTRY--PERSONAL NAME
Personal name Planas, Reginald.
245 ## - TITLE STATEMENT
Title Understanding computers :
Remainder of title research. /
Statement of responsibility, etc Reginald Planas
260 ## - PUBLICATION, DISTRIBUTION, ETC. (IMPRINT)
Place of publication, distribution, etc Manila :
Name of publisher, distributor, etc Redman Printing,
Date of publication, distribution, etc 2000.
300 ## - PHYSICAL DESCRIPTION
Extent 257 p. :
Other physical details ill. ;
Dimensions 25 cm.
521 ## - TARGET AUDIENCE NOTE
Target audience note
650 ## - SUBJECT ADDED ENTRY--TOPICAL TERM
Topical term or geographic name as entry element Computers.
650 ## - SUBJECT ADDED ENTRY--TOPICAL TERM
Topical term or geographic name as entry element Electronic data processing.
942 ## - ADDED ENTRY ELEMENTS (KOHA)
Koha item type Books
Source of classification or shelving scheme Library of Congress Classification
Call number prefix Local
Holdings
Withdrawn status Lost status Source of classification or shelving scheme Damaged status Home library Current library Shelving location Date acquired Total Checkouts Full call number Barcode Date last seen Copy number Price effective from Koha item type
    Library of Congress Classification   College Library College Library General Circulation Section 11/23/2004   QA 76.5 .P699 2000 C5694 05/15/2018 1 10/10/2013 Books

Understanding computers :

APA

Planas R., . (2000). Understanding computers. Manila: Redman Printing.

Chicago

Planas Reginald, . 2000. Understanding computers. Manila: Redman Printing.

Harvard

Planas R., . (2000). Understanding computers. Manila: Redman Printing.

MLA

Planas Reginald, . Understanding computers. Manila: Redman Printing. 2000.

  • Place hold
  • Print
  • Cite
  • Add to your cart (remove)
  • Save record
    BIBTEX Dublin Core MARCXML MARC (non-Unicode/MARC-8) MARC (Unicode/UTF-8) MARC (Unicode/UTF-8, Standard) MODS (XML) RIS
  • More searches
    Search for this title in:
    Other Libraries (WorldCat) Other Databases (Google Scholar) Online Stores (Bookfinder.com) Open Library (openlibrary.org)

Exporting to Dublin Core...

SOUTHVILLE LIBRARY

Southville International School and Colleges Library

1281 Tropical Ave. Cor. Luxembourg St., BF Homes International, Las Pinas City

Tel. No. 8256374 / 252358 Loc. 117/146

Powered by Koha